000 00752nam a2200229Ii 4500
003 JO-AjNU
008 230605s9999||||xx |||||||||||||| ||und||
017 _a1993/9903
020 _a977-274-031-1
040 _aJO-AjNU
_bara
_erda
_cJO-AjNU
041 _aara
050 1 4 _aDS36.7.1993
100 3 _aأحمد، صلاح زكي,
_eauthor
_98412
245 0 0 _aقادة الفكر العربي: عصر النهضة العربية 1930/1798
250 _aط1
264 3 1 _aالكويت: دار سعاد الصباح، 1993
300 _a263ص
336 _atext
_btxt
_2rdacontent
337 _aunmediated
_bn
_2rdamedia
338 _avolume
_bnc
_2rdacarrier
650 4 _aعالم عربي-تراجم -عصر النهضةالعربية1798/1930
_98413
999 _aA774
_c4342
_d4342